| 000 | 00820nam a22002297a 4500 | ||
|---|---|---|---|
| 999 |
_c18193 _d18193 |
||
| 003 | AR-CdUCM | ||
| 008 | 190226b ||||| |||| 00| 0 spa d | ||
| 040 |
_aMUNICIPALIDAD PROVINCIAL DEL CUSCO _cBIBLIOTECA MUNICIPAL DEL CUSCO |
||
| 041 | _heng | ||
| 082 |
_a338.01 / _bH44 |
||
| 100 |
_aHerskovits, Melville J. _95133 |
||
| 245 |
_aAntropologia Economica / _cHerskovits, Melville J. |
||
| 260 |
_aMexico : _bFondo de Cultura Económica , _c1954. |
||
| 300 |
_a522 paginas : _c24 cm. |
||
| 505 | _aContenido: Producción -- Cambio y distribución -- La propiedad -- EL excedente económico... | ||
| 650 |
_aAntropologia Cultural. _95134 |
||
| 650 |
_aCultura (Antropologia). _95135 |
||
| 650 |
_aEconomía _9382 |
||
| 700 |
_aSilva, Carlos (traducción) _938646 |
||
| 942 |
_2ddc _cLIBROS |
||
| 945 |
_adavv _d2019-05-13 |
||